Williams' Basic Nutrition and Diet Therapy (Record no. 1720)

MARC details
000 -LEADER
Fixed length control field 00585nam a2200217Ia 4500
003 - CONTROL NUMBER IDENTIFIER
Control field IIN
005 - DATE AND TIME OF LATEST TRANSACTION
Control field 20250328153521.0
008 - FIXED-LENGTH DATA ELEMENTS--GENERAL INFORMATION
Fixed length control field 250328s9999 xx adc 001 0 eng d
020 ## - INTERNATIONAL STANDARD BOOK NUMBER / ISBN
Price Rs.1740.00
International Standard Book Number 9788131262894
040 ## - CATALOGING SOURCE
Original cataloging agency IIN
Language of cataloging English
082 ## - DEWEY DECIMAL CLASSIFICATION NUMBER
Classification number 615.854
Book Number NIX
100 1# - MAIN ENTRY--PERSONAL NAME
Personal name Nix, Staci
245 1# - TITLE STATEMENT
Title Williams' Basic Nutrition and Diet Therapy
Statement of responsibility Staci Nix
250 ## - EDITION STATEMENT
Edition statement 16th ed
Remainder of edition statement South Asia Edition
260 ## - IMPRINT
Name of publisher Elsevier
Place of publication New Delhi
Date of publication 2022
300 ## - PHYSICAL DESCRIPTION
Page / Vol. No xvi, 553 p.
Other physical details col. ill.
500 ## - GENERAL NOTE
General note Includes Index
650 1# - SUBJECT ADDED ENTRY--TOPICAL TERM
Topical term Nutrition
650 1# - SUBJECT ADDED ENTRY--TOPICAL TERM
Topical term Diet Therapy
942 ## - ADDED ENTRY ELEMENTS (KOHA)
Koha item type Books
Holdings
Withdrawn status Lost status Source of classification Damaged status Not for loan Collection code Home library Current library Shelving location Date acquired Price Total Checkouts Call number Accession number Date last seen Price effective from Koha item type
    Dewey Decimal Classification     Purches Book IDEAL INSTITUTE OF NURSING IDEAL INSTITUTE OF NURSING General Stacks 11/03/2025 1740.00   615.854 NIX 1760 28/03/2025 28/03/2025 Books
© Ideal Institute Of Nursing, All rights reserved.         Powered by Koha